000 00577nmm a2200193Ia 4500
008 251105s9999||||xx |||||||||||||||||und||
020 _a9788434894785
041 _aspa
100 _aMendo, Miguel Ángel
245 0 _aNo te lo tomes al pie de la letra
264 _a[Madrid, España] :
_bGrupo SM,
_c2003
300 _a128 páginas
490 _aEl Barco de Vapor Naranja
650 _aAges 9-12 Years Old
700 _aMendo, Miguel Ángel
700 1 _a González Urberuaga , Emilio (il.)
856 _uhttps://public.digitaliapublishing.com/a/86146
942 _cCF
999 _c68767
_d68767